000 01958cam a22004817a 4500
003 CHAP
005 20220329143033.0
008 050930d1996 mx r 00110 spa d
010 _a91030
011 _a92002
020 _a9683653774
035 _a102565
040 _cCHAP
082 0 4 _a378.155
_bS8
100 0 0 _aSteger, Hanns-Albert.
_9109590
245 1 0 _aDesafíos de la universidad contemporánea:
_blos casos de Alemania, Estados Unidos y América Latina
_c/por Hanns-Albert Steger, Kurt L. Shell y Roberto Rodríguez Gómez
260 _aMéxico, D. F. :
_bUNAM. Centro de Estudios sobre la Universidad,
_c1996
300 _a97 p.
490 0 _aPensamiento universitario. Tercera epoca
_v; 85
590 _aBATCH-UPD
_b10
_c20130110
_lUCH01
_h0312
590 _aBATCH-UPD
_b10
_c20130110
_lUCH01
_h1908
590 _aBATCH-UPD
_b10
_c20130409
_lUCH01
_h1944
590 _aBATCH-UPD
_b10
_c20130410
_lUCH01
_h0414
590 _aBATCH-UPD
_b10
_c20130914
_lUCH01
_h1033
590 _aCONVERSION
_b10
_c20130109
_lUCH01
_h1350
650 1 4 _aConocimiento, Teoría del.
_927232
650 1 4 _aEducación superior
_xAlemania.
_935603
650 1 4 _aEducación superior
_xAmérica Latina.
_935605
650 1 4 _aEducación superior
_xE.U.A.
_935627
650 1 4 _aGlobalización.
_948300
650 1 4 _aUniversidades
_xAlemania.
_9116607
650 1 4 _aUniversidades
_xAmérica Latina.
_9116608
650 1 4 _aUniversidades
_xE.U.A.
_9116618
700 0 _aRodríguez Gómez, Roberto.
_998561
700 0 _aShell, Kurt L.
_9105607
830 0 0 _aPensamiento universitario. Tercera epoca
_v; 85
_986740
901 _aBK
905 _aMarco A. Mendoza T.
942 _cLIBRO
949 _a378.155 S8
_bBC
_cLIBRO
_d33724000964938
_eLIBRO
_gI.c/e
_h107328
_i102565
_sb
_t$35.00
949 _a378.155 S8
_bBC
_cLIBRO
_d33724000964946
_eLIBRO
_fc.2
_gI.c/e
_h107329
_i102565
_sb
_t$35.00
949 _a378.155 S8
_bBC
_cLIBRO
_d33724000964953
_eLIBRO
_fc.3
_gI.c/e
_h107330
_i102565
_sb
_t$35.00
999 _c91030
_d91030